000 00392nab a2200145Ia 4500
003 ES-SlBCS
005 20210601124944.0
008 140529s1979 xxu||||| |||| 00| 0 eng d
041 _aeng
100 1 _aScheman, Naomi
_9151910
245 0 0 _aOn Sympathy
_c Naomi Scheman
650 0 4 _aSimpatía
_9132810
773 0 _tMonist, the
_gvol. 62, nº. 3, 1979, págs. 320-330
_wRev1667
942 _cAR
999 _c522321
_d522321